|
|
|
|
| LEADER |
00000ny a22000003n 4500 |
| 005 |
20110608125934.0 |
| 008 |
071024s2002 sp s 000 0 spa d |
| 035 |
|
|
|a 112
|
| 040 |
|
|
|a UCN
|d vLex
|
| 080 |
|
|
|a 339.16:681.3
|
| 080 |
|
|
|a 342.738:339.16
|
| 090 |
|
|
|c 584
|d 584
|
| 100 |
1 |
|
|a Picazo Sent,̕ Pedro
|
| 245 |
1 |
3 |
|a El tratamiento de datos personales en el sector de los servicios de la sociedad de la informacin̤ y el comercio electrn̤ico
|h [Recurso electrn̤ico]
|c Pedro Picazo Sent ̕y Eduard Chaveli Donet
|
| 256 |
|
|
|a Servicio en ln̕ea
|
| 260 |
|
|
|a [S.l. ]:
|b [Consultora̕ en Proteccin̤ DEDATOS],
|c 2002
|
| 300 |
|
|
|a 1 v. (pag. var.)
|
| 506 |
1 |
|
|a Contenido solo disponible en los productos indicados
|d vLex Global
|d vLex Global (Academic Edition, excluding Law Schools)
|d vLex Global (U.S. Academic Edition, Law Schools)
|d vLex Global (U.S. Academic Edition, excluding Law Schools)
|d vLex Global (Academic Edition, Law Schools)
|
| 650 |
0 |
7 |
|a Datos personales
|2 Tesauro vLex
|
| 650 |
0 |
7 |
|a Civil
|2 Tesauro vLex
|
| 650 |
0 |
7 |
|a Comercio electrn̤ico
|2 Tesauro vLex
|
| 650 |
0 |
7 |
|a Nuevas tecnologa̕s
|2 Tesauro vLex
|
| 650 |
0 |
7 |
|a Proteccin̤ de datos personales
|2 Tesauro vLex
|
| 650 |
0 |
7 |
|a Otras tarjetas y el comercio electrn̤ico
|2 Tesauro vLex
|
| 700 |
1 |
|
|a Chaveli Donet, Eduard A.,
|e coaut.
|
| 740 |
0 |
|
|a vLex Libros (Servicios en ln̕ea)
|
| 856 |
4 |
0 |
|u http://vlex.com/source/112
|z Acceso restringido
|
| 942 |
|
|
|c BOOK
|
| 999 |
0 |
|
|a Civil Law
|b Espaą
|